000
00367nam a2200133Ia 4500
008
151001s9999||||xx |||||||||||||| ||und||
100
_a
गो. ना. दातार
245
_a
कालिकामूर्ती
250
_a
7
260
_b
श्रीराम बुक एजन्सी
260
_c
1992
300
_a
495
365
_b
21
999
_c
971663
_d
971660